| 000 | 00421nam a2200157Ia 4500 | ||
|---|---|---|---|
| 008 | 240729s9999 xx 000 0 und d | ||
| 022 | _a1849-0891 | ||
| 245 | 0 | _aSouth-East European Forestry | |
| 260 | _aCroatia | ||
| 260 | _bCroatian Forest Research Institute | ||
| 650 | _a Forestry | ||
| 650 | _aAgriculture | ||
| 856 | _uhttps://doaj.org/toc/79f7350c5d694c61b103d2c7a3937475 | ||
| 942 | _2ddc | ||
| 942 | _cDOAJEJ | ||
| 999 |
_c69969 _d69969 |
||
| 945 |
_a1 _bMadushi Gamage _c1 _dMadushi Gamage |
||